00736nam a2200181 a 450000100100000000500170001000800410002704000250006808200110009324501100010426000840021430000200029850000250031859000260034371000590036995201090042899900170053700004904620201002061617.0190716s1976 dr 000 0 spa d aDO-SdBNPbspacBNPHU axxbxx00aHomenaje del gobierno dominicano al maestro José de Jesús Ravelo, en el Centernario de su Nacimiento. aSanto Domingo, República Dominicana :bDirección General de Cultura,c1976. a80 p. ;c22 cm. a1976 Año de Duarte aInventariado, 2019/VM2 aSecretaría de Estado (República Dominicana)976447 0010718PDaPDbPDcHDd2019-07-16iLF1l0oxx xxp49047-10r2020-06-25w2020-06-25yLFPDZNo se presta c48534d48534